Построение отражающих границ по наблюденным годографам отраженных волн с использованием градиентной модели покрывающей среды; Известия Томского политехнического университета [Известия ТПУ]; Т. 318, № 1 : Науки о Земле
| Parent link: | Известия Томского политехнического университета [Известия ТПУ]/ Томский политехнический университет (ТПУ).— , 2000- Т. 318, № 1 : Науки о Земле.— 2011.— [С. 59-63] |
|---|---|
| מחבר ראשי: | |
| מחברים אחרים: | |
| סיכום: | Заглавие с титульного листа Электронная версия печатной публикации Предложен способ расчета точек отражающей границы по материалам метода вертикального сейсмического профилирования. Способ основан на лучевой модели распространения акустического луча, скоростной модели градиентной покрывающей среды, и предположении о горизонтальности отражающей площадки. Показано, что задача может быть сведена к последовательности оптимизационных задач. Разработан алгоритм, реализующий предложенный способ. Приводится пример расчета отражающих границ при обработке материалов вертикального сейсмического профилирования, полученных на одной из разведочных площадей Томской области. |
| שפה: | רוסית |
| יצא לאור: |
2011
|
| סדרה: | Геофизика |
| נושאים: | |
| גישה מקוונת: | http://www.lib.tpu.ru/fulltext/v/Bulletin_TPU/2011/v318/i1/10.pdf |
| פורמט: | אלקטרוני Book Chapter |
| KOHA link: | https://koha.lib.tpu.ru/cgi-bin/koha/opac-detail.pl?biblionumber=194496 |
MARC
| LEADER | 00000nla2a2200000 4500 | ||
|---|---|---|---|
| 001 | 194496 | ||
| 005 | 20240131160703.0 | ||
| 035 | |a (RuTPU)RU\TPU\book\212123 | ||
| 035 | |a RU\TPU\book\212122 | ||
| 090 | |a 194496 | ||
| 100 | |a 20110417d2011 k y0rusy50 ca | ||
| 101 | 0 | |a rus | |
| 102 | |a RU | ||
| 135 | |a drnn ---uucaa | ||
| 181 | 0 | |a i | |
| 182 | 0 | |a b | |
| 200 | 1 | |a Построение отражающих границ по наблюденным годографам отраженных волн с использованием градиентной модели покрывающей среды |f О. Н. Вылегжанин, С. А. Рыбалка | |
| 203 | |a Текст |c электронный | ||
| 215 | |a 1 файл (128 Кб) | ||
| 225 | 1 | |a Геофизика | |
| 300 | |a Заглавие с титульного листа | ||
| 300 | |a Электронная версия печатной публикации | ||
| 320 | |a [Библиогр.: с. 63 (8 назв.)] | ||
| 330 | |a Предложен способ расчета точек отражающей границы по материалам метода вертикального сейсмического профилирования. Способ основан на лучевой модели распространения акустического луча, скоростной модели градиентной покрывающей среды, и предположении о горизонтальности отражающей площадки. Показано, что задача может быть сведена к последовательности оптимизационных задач. Разработан алгоритм, реализующий предложенный способ. Приводится пример расчета отражающих границ при обработке материалов вертикального сейсмического профилирования, полученных на одной из разведочных площадей Томской области. | ||
| 337 | |a Adobe Reader | ||
| 461 | 1 | |0 (RuTPU)RU\TPU\book\176237 |t Известия Томского политехнического университета [Известия ТПУ] |f Томский политехнический университет (ТПУ) |d 2000- | |
| 463 | 1 | |0 (RuTPU)RU\TPU\book\211766 |x 1684-8519 |t Т. 318, № 1 : Науки о Земле |v [С. 59-63] |d 2011 |p 184 с. | |
| 610 | 1 | |a вертикальное сейсмическое профилирование | |
| 610 | 1 | |a отражающие границы | |
| 610 | 1 | |a построение | |
| 610 | 1 | |a лучевые модели | |
| 610 | 1 | |a градиентные среды | |
| 610 | 1 | |a труды учёных ТПУ | |
| 610 | 1 | |a электронный ресурс | |
| 700 | 1 | |a Вылегжанин |b О. Н. |c российский ученый, специалист в области математических методов обработки данных |c доцент Томского политехнического университета, кандидат химических наук |f 1943- |g Олег Николаевич |3 (RuTPU)RU\TPU\pers\25385 | |
| 701 | 1 | |a Рыбалка |b С. А. |c специалист в области информатики и вычислительной техники |c доцент Томского политехнического университета, кандидат технических наук |f 1961- |g Сергей Анатольевич |3 (RuTPU)RU\TPU\pers\26755 |9 12398 | |
| 801 | 1 | |a RU |b 63413507 |c 20090623 |g PSBO | |
| 801 | 2 | |a RU |b 63413507 |c 20211224 |g PSBO | |
| 856 | 4 | |u http://www.lib.tpu.ru/fulltext/v/Bulletin_TPU/2011/v318/i1/10.pdf | |
| 942 | |c CF | ||